Prudent silence : a sermon preached in Mercers Chappel to the lord mayor and city, Jan. 14, 1648, shewing the great sin and mischief of destroying kings, dehorting from taking away our late soveraign, and deterring all from like wickedness /

Bibliographic Details
Main Author: Burges, Cornelius, 1589?-1665
Format: Book
Language:English
Series:Early English books, 1641-1700 ; 1278:3.
Subjects:

MARC

Tag First Indicator Second Indicator Subfields
LEADER 00000cam a2200000 a 4500
001 in00000887607
005 20150923135251.0
008 821021s1660 miu a 00010 eng d
035 |a (OCoLC)08881790 
035 |9 AEL3675AM 
037 |a CL0037000043  |b University Microfilms International 
037 |b University Microfilms International, 300 N. Zeeb Rd., Ann Arbor, MI 48106 
040 |a UMI  |c UMI  |d m/c  |d UtOrBLW 
043 |a e-uk--- 
045 2 |a u6u8  |b d1660  |b d1680 
049 |a TXAI 
090 |a DA446  |b .B87 
099 |a film   |a  B   |a  3609 
100 1 |a Burges, Cornelius,  |d 1589?-1665. 
245 1 0 |a Prudent silence :  |b a sermon preached in Mercers Chappel to the lord mayor and city, Jan. 14, 1648, shewing the great sin and mischief of destroying kings, dehorting from taking away our late soveraign, and deterring all from like wickedness /  |c by Cor. Burges. 
264 3 |a London :  |b Printed by James Cottrel,  |c [1660?] 
300 |a 4 unnumbered pages, 33 pages 
336 |a text  |b txt  |2 rdacontent 
337 |a microform  |b h  |2 rdamedia 
338 |a microfilm reel  |b hd  |2 rdacarrier 
500 |a Reproduction of original in the Union Theological Seminary Library, New York. 
510 4 |a Wing  |c B5677. 
533 |a Microfilm.  |b Ann Arbor, Mich. :  |c University Microfilms International,  |d 1982.  |e 1 microfilm reel ; 35 mm.  |f (Early English books, 1641-1700 ; 1278:3) 
500 |a Microform. 
651 0 |a Great Britain  |x History  |y Restoration, 1660-1688  |x Sermons. 
630 0 0 |a Bible.  |p Amos V, 13  |x Sermons. 
650 0 |a Sermons, English  |y 17th century. 
830 0 |a Early English books, 1641-1700 ;  |v 1278:3. 
999 |a MARS 
999 f f |s 89705c99-66f8-37a4-84e2-9f9b56ea7d15  |i e4acceae-9cea-32c4-9884-963b6ec554ec  |t 0 
952 f f |p default  |a Texas A&M University  |b College Station  |c Sterling C. Evans Library  |d Evans: Microforms (3rd floor)  |t 0  |e film B 3609 1278:3  |h Other scheme  |i microform -- microfilm reel 
998 f f |a film B 3609 1278:3  |t 0  |l Evans: Microforms (3rd floor)